000 00959nam a2200277Ia 4500
001 Para_1049
003 CHAP
008 220125s1996 xx 000 0 und d
010 _a199757
040 _cCHAP
090 _aPA TESIS 1015
100 1 _aCruz Alcalá, Agustín
_929278
245 _aIdentificación de hongos causantes de pudriciones de raiz y cuello del tomate (Lycopersicum esculentum Mill.) en el sureste del Estado de México /
_c por Agustin Cruz Alcala
260 _aChapingo, Méx. :
_b El autor
300 _a94 h.
502 _aTesis (Ing. Agr. Esp. en Parasitología Agrícola) -- UACh. Depto. Parasitología
650 _aTomate
_x enfermedades por hongos
_9113713
710 _aUACh. Departamento Parasitología Agrícola
_9164025
901 _aPA TESIS 1015
902 _aA
905 _a0000001996 a 0000000000 00
910 _a1996
942 _cPARA
942 _cPARA
_d1
999 _c199757
_d199757